000 00511nam a2200181Ia 4500
003 GCL
008 140319s9999 xx 000 0 ara d
040 _aGCL /
_cGCL
082 0 4 _a811.009
_bز م
100 1 _aزكى مبارك
245 1 0 _aمدامع العشاق /
_cزكى مبارك
300 _a248 ص
490 _a
650 0 4 _aالشعر الغزلى
650 0 4 _aالشعر العربى - تاريخ ونقد
650 0 4 _aالادب العربى - العصر الحديث
942 _2ddc
_cBK
999 _c40626
_d40626